00445nam a22001457a 450000500170000000800410001702000150005804100120007308200140008510000130009924500830011226000470019530000320024265000250027420231115081356.0231115b |||||||| |||| 00| 0 eng d a0702128473 aEnglish a344.4 ENV lEnglish  aEnvironmental Management in South Africa / cedited by RF Fuggle and MA Rabie  aCape Town : bJuta and Company Ltd, c1992 bxlii, 823 pages ; c26 cm.  aLegal practice bLaw